Actualización y aplicaciones del PMK (Record no. 112814)

MARC details
000 -CABECERA
campo de control de longitud fija 00500nab a2200181 a 4500
005 - FECHA Y HORA DE LA ÚLTIMA TRANSACCIÓN
campo de control 20210219155216.0
035 ## - NÚMERO DE CONTROL DEL SISTEMA
Número de control de sistema UPN01000140666
222 ## - TÍTULO CLAVE
Título clave REVISTA DE PSICOLOGIA GENERAL Y APLICADA
245 ## - MENCIÓN DE TÍTULO
Título Actualización y aplicaciones del PMK
260 ## - PUBLICACIÓN, DISTRIBUCIÓN, ETC.
Lugar de publicación, distribución, etc. Valencia, España
300 ## - DESCRIPCIÓN FÍSICA
Extensión 315-326
362 0# - FECHAS DE PUBLICACIÓN Y/O DESIGNACIÓN SECUENCIAL
Fecha de publicación y/o designación secuencial 2004 Vol. 57, no. 3, oct.
653 0# - TERMINO DE INDIZACION - NO CONTROLADO
Término no controlado PSICODIAGNOSTICO MIOKINETICO
653 0# - TERMINO DE INDIZACION - NO CONTROLADO
Término no controlado DIGITALIZACION
653 0# - TERMINO DE INDIZACION - NO CONTROLADO
Término no controlado INDICADORES MOTORES
700 0# - ASIENTO SECUNDARIO--NOMBRE DE PERSONAL
Nombre de persona Tous, J.M.
Término indicativo de función/relación coaut.
905 ## - TIPO DE MATERIAL
Tipo de material Articulo

No items available.